Demon Slayer Quiz - Statistics

General Stats
  • This quiz has been taken 4,264 times
    4,256 since last reset
  • The average score is 18 of 40
Answer Stats
Hint Answer % Correct
Main character? Tanjiro
98%
Tanjro's demon sister? Nezuko
95%
Who is the main villian? Muzan
93%
Who becomes powerful when asleep? Zenitsu
91%
Who wears a boar mask? Inosuke
88%
How many Kizuki ranks are there? 12
81%
How many Hashira are their? 9
81%
Water Hashira? Giyu
72%
Insect Hashira? Shinobu
66%
Love Hashira? Mitsuri
65%
Sound Hashira? Tengen
63%
Upper Rank 3? Akaza
59%
Wind Hashira? Sanemi
57%
Who is working on a cure for Demons? Tamayo
57%
Stone Hashira? Gyomei
56%
Serpant Hashira? Obanai
56%
Mist Hashira? Muichiro
55%
Secondary Upper Rank 6? Daki
49%
Flame Hashira? Kyojuro
49%
Upper Rank 2? Douma
46%
Lower Rank 5? Rui
46%
Lower Rank 1? Enmu
41%
Primary Upper Rank 6? Gyutaro
41%
Who helped Tanjiro slice the boulder? Sabito
39%
Upper Rank 5? Gyokko
31%
Upper Rank 4? Hantengu
31%
Who helped Tanjiro slice the boulder? Makomo
26%
Who was kicked out of the Lower Six Rank? Kyogai
23%
Tanjro's Sister Hanako
20%
Tanjio's Brother Rokuta
20%
A false twelve Kizuki Susamaru
19%
Upper Rank 1? Kokushibou
18%
Tanjiro's Master? Sakonji
18%
Tanjrio's Brother Takeo
17%
A false twelve Kizuki Yahaba
16%
Tanjiro's Brother Shigeru
15%
Lower Rank 4? Mukago
8%
Lower Rank 2? Rokuro
8%
Lower Rank 6? Kamanue
7%
Lower Rank 3? Wakuraba
7%
No matching quizzes found
Score Distribution
Percent of People with Each Score
Percentile by Number Answered
Your Score History
You have not taken this quiz since the last reset